[Event "Corus-C"]
[Site "Wijk aan Zee"]
[Date "2004.01.17"]
[Round "6"]
[White "Pavlovic, Milos"]
[Black "Popov, Valerij"]
[Result "1-0"]
[WhiteElo "2548"]
[BlackElo "2580"]
[Annotator "Gofshtein,L"]
[PlyCount "65"]
[EventDate "2004.01.10"]
[EventType "tourn"]
[EventRounds "13"]
[EventCountry "NED"]
[EventCategory "9"]
[SourceTitle "CBM 099"]
[Source "ChessBase"]
[SourceDate "2004.03.30"]
[SourceVersion "1"]
[SourceVersionDate "2004.03.30"]
[SourceQuality "1"]

1. e4 {[%mdl 4]} c5 2. Nf3 d6 3. d4 cxd4 4. Nxd4 Nf6 5. Nc3 a6 6. Bg5 e6 7. f4
Qb6 8. Qd2 Qxb2 9. Rb1 Qa3 10. f5 {The move which was popular in the 60th-70th
now is out of fashion and is hardly played} Nc6 11. fxe6 fxe6 12. Nxc6 bxc6 13.
e5 dxe5 14. Bxf6 gxf6 15. Ne4 Qxa2 {A relatively rare move. 15...Be7 is the
main line, usually leading to an unclear game. The games given below are two
recent games where white played an original idea of transfering the rook to
the queen side} (15... Be7 16. Be2 h5 (16... h5 17. Rf1 f5 18. Rf3 Qxa2 19.
Rfb3 fxe4 20. Qc3 Bd8 21. Qxc6+ Ke7 (21... Bd7 22. Qxe4 $36 {1-0 Gubajdullin,
A-Biriukov,O/St Petersburg 2003/EXT 2004 (39)}) 22. Qxa8 $16 {1-0 Ibraev,
N-Kokarev,D/St Petersburg 2003/EXT 2004 (30)})) 16. Rd1 Be7 17. Bd3 {The other
possibility of handling the attack is with 17.Be2, for example:} (17. Be2 O-O
18. O-O Ra7 $132 {0-1 Hakki,I-Iskov,G/Eksjo 1982/EXT 2001 (26) '!' Ftacnik.} (
18... f5 $6 19. Qh6 $1 fxe4 20. Rxf8+ Bxf8 21. Qg5+ Kh8 22. Bh5 $40)) 17... f5
{Both 17...0-0 and 17...Ra7 deserve attention. In this case as the tournament
practice shows it's not clear to prove the compensation for the sacrificed
pawns} (17... O-O 18. O-O f5 19. Qh6 Rf7 20. Rf3 Qa5 (20... Bd7 21. Bf1 Rd8 22.
Rg3+ Kh8 23. Qh5 Be8 $17 24. Nd6 Rxd6 25. Rxd6 e4 26. Rxc6 Qa1 27. h4 Rf8 28.
Qh6 Qd4+ {0-1 Ernst,T-Fedder,S/Copenhagen 1982/EXT 2000 (28)}) (20... Kh8 21.
Rh3 Bd7 22. Kh1 Rg8 23. Nc3 Qa5 24. Bxf5 exf5 25. Rxd7 Qc5 {1/2-1/2
Velimirovic,D-Polajzer,D/Maribor 1980/EXT 2001 (64)}) 21. Rg3+ Kh8 22. Qh5 Ra7
23. Kh1 Rf8 24. Qh6 Rf7 25. Qh5 {1/2-1/2 Filipovic,B-Stempin,P/Graz 1981/EXT
99 (27)}) (17... Ra7 $5 18. Qf2 Rd7 19. Nxf6+ Bxf6 20. Qxf6 Rf8 21. Qxe5 Rd5
$132 {0-1 Ueter,H-Kedziora,C/Essen 1997/EXT 99 (53)}) 18. O-O Ra7 {18...0-0 is
just another move order, leading to the variation checked in the previous note}
19. Be2 $5 $146 {[%mdl 8] An interesting novelty. After 19.Qh6 as the game
given below shows white has the initiative for the sacrificed material but
it's still not totally clear} (19. Qh6 Rd7 20. Nf6+ Bxf6 21. Qxf6 Rf8 22. Qxe5
Qd5 $13 {1/2-1/2 Bouaziz,S-Nunn,J/Hamburg 1982/MCD (33)}) 19... Rd7 (19... O-O
20. Qe3 Rd7 21. Qg3+ $40) 20. Qc3 $1 {[%cal Rc3e5,Rc3c6] Connecting the queen
to the attack. Black's position becomes dangerous} Rxd1 21. Bh5+ {An important
intermideate move causing dis-harmony between the black pieces} Kf8 22. Rxd1
Rg8 $8 (22... Qa3 23. Rd8+ Kg7 24. Qxe5+ Kh6 25. Rxh8 fxe4 26. Bd1 $18) 23.
Qxc6 Kg7 24. Qc7 Qa3 25. Nd6 {The last few moves were forced to both sides} Kf6
26. Kf1 (26. Nxc8 $2 Qc5+) 26... a5 {After a seria of forced moves white wins
a piece} (26... Rd8 27. Nxc8 (27. Ne4+ fxe4 28. Rxd8 Qc1+ 29. Rd1 Qg5 30. Kg1
Qe3+ 31. Kh1 Qc5) 27... Qc5 28. Qxe7+ Qxe7 29. Nxe7 Rxd1+ 30. Bxd1 Kxe7 31. c3
$18) 27. Nxc8 Qc5 28. Qxe7+ Qxe7 29. Nxe7 Kxe7 30. Rb1 {The endgame of course
is lost for black} Ra8 31. Be2 Kd6 32. Bc4 $18 Rc8 33. Rb6+ 1-0

[Event "Corus-B"]
[Site "Wijk aan Zee"]
[Date "2006.01.28"]
[Round "12"]
[White "Naiditsch, Arkadij"]
[Black "Smeets, Jan"]
[Result "1-0"]
[WhiteElo "2657"]
[BlackElo "2550"]
[Annotator "Gofshtein,L"]
[PlyCount "69"]
[EventDate "2006.01.14"]
[EventType "tourn"]
[EventRounds "13"]
[EventCountry "NED"]
[EventCategory "15"]
[SourceTitle "CBM 111"]
[Source "ChessBase"]
[SourceDate "2006.04.04"]
[SourceVersion "1"]
[SourceVersionDate "2006.04.04"]
[SourceQuality "1"]

1. e4 c5 2. Nf3 d6 3. d4 cxd4 4. Nxd4 Nf6 5. Nc3 a6 6. Bg5 e6 7. f4 Qb6 8. Nb3
(8. Qd2 {is another way to fight for advantage, White sacrifices the pawn on
b2 but gets the initiative.}) 8... Nbd7 9. Qf3 Be7 10. O-O-O Qc7 {This is one
of the main positions in Naidorf, White's main moves are 11.Bd3 or 11.g4,} 11.
Qh3 $5 $146 {A novelty already on move 11, a rare sight these days, White
plans to attack Black's pawn e6, with f4-f5 and Nb3-d4.} (11. g4 b5 12. Bxf6
Nxf6 13. g5 Nd7 14. h4 b4 15. Ne2 Bb7 {and so on 0-1 Kosteniuk,A-Zhu Chen/
Moscow 2001/CBM 085 ext (36)}) (11. Bd3 b5 12. a3 Rb8 13. Rhe1 b4 14. axb4 Rxb4
15. Kb1 Bb7 16. Qh3 Nc5 {with mutual chances 1/2-1/2 Leko,P-Kasparov,G/Linares
(55)}) 11... h6 {this move looks a bit illogical, as black has no threat on
the bishop and wastes a valuable tempo.} (11... b5 {deserves serious attention,
of course further practical check is needed, here are a few possible lines} 12.
f5 Ne5 13. a3 (13. Nd4 b4 14. Nce2 Nxe4 {and Black grabs a pawn for free})
13... Nfg4 {is unclear}) 12. f5 Ne5 13. Nd4 Nfg4 14. Bf4 $1 {White fights for
the initiative, the cowardly 14.Bxe7 didn't promise any advantage.} (14. Bxe7
$6 Qxe7 15. Qg3 b5 {can hardly cause any problems for Black.}) 14... Nf2 {
A natural follow-up of the previous move.} 15. Qg3 Neg4 $6 {Black doesn't dare
to take the rooks. 15...Nxh1 is very bad indeed for black, but 15...Nxd1 was
playable and could lead to a draw. Of course, it is very difficult to
calculate all the lines at the board, so Black's decision is understandable.} (
15... Nxh1 16. Qxg7 Rf8 17. f6 Bxf6 (17... Nf2 {Now White has plenty of
tempting moves, but the most direct way to win is 18.Ndb5!} 18. Ndb5 $1 axb5
19. Bxe5 Bxf6 (19... Nxd1 20. Nxb5 Qc6 21. fxe7 Kxe7 22. Bxd6+ $18) 20. Qxf6
Ng4 (20... Nxd1 21. Nd5 $1 {A beautiful strike, which clarifies the situation.}
exd5 22. Bxd6 {and White is winning.}) 21. Nxb5 Qb8 22. Qh4 Nxe5 23. Nxd6+ Kd7
24. Nb5+ Kc6 25. Qe7 {winning}) 18. Qxf6 Qe7 (18... Nf2 $2 19. Ndb5 $1 axb5 20.
Nxb5 {and White mates.}) 19. Bxe5 dxe5 20. Qxe5 Nf2 21. Rd2 Ng4 22. Qa5 {
with the idea to put a knight on b5, White is clearly better.}) (15... Nxd1 16.
Qxg7 Nxc3 (16... Rf8 $2 17. Nxd1 {is unsatisfying for Black, since White has
an attack which compensates him for the small material deficit.}) 17. Qxh8+ Kd7
18. bxc3 (18. fxe6+ fxe6 19. Qxh6 Nxe4 20. Qxe6+ Ke8 {White has two pawns for
a piece but his attack is almost over, and it's not clear whether his
compensation is enough.}) 18... Qxc3 19. fxe6+ fxe6 20. Bxe5 Bg5+ {it is
better for Black to take the draw since if he tries to play on, he might find
himself in a worse position.} (20... dxe5 21. Nb3 (21. Qxe5 $4 Qe1+ 22. Kb2
Ba3+ $1 23. Kxa3 Qc3+ 24. Ka4 b5+ {and Black is the one who mates.}) 21... Bg5+
22. Kb1 Kc7 23. Bd3 b6 24. Rf1 {White consolidates and gets an advantage.}) 21.
Kb1 Qe1+ 22. Kb2 Qc1+ 23. Kb3 Qb1+ 24. Kc3 Qe1+ {with a perpetual check}) 16.
fxe6 (16. Rd2 {this is an interesting alternative, though it seems that if
black defends correctly White has no more than a draw.} e5 (16... Nxh1 17. Qxg4
{looks very grim for Black, as his knight is stuck on h1, and White is better
developed and has a strong attack.}) 17. Rxf2 (17. Nd5 Qa5 18. Nb3 exf4 19.
Qxf2 Qxd5 (19... Nxf2 20. Nxa5 Nxh1 21. Nc7+ Kd8 22. Nxa8 {and White is
clearly better.}) 20. Qf3 (20. Qxf4 Qe5 21. Qxg4 Bg5 {costs White an exchange.}
) 20... Qe5 21. Qxg4 Bf6 22. c3 b5 {and it seems that Black is doing fine.})
17... Nxf2 18. Qxg7 (18. Qxf2 exf4 19. Nd5 Qd8 {White has a certain
compensation for the exchange though it's not entirely clear how strong his
initiative is.}) 18... Rf8 19. f6 Bxf6 20. Qxf6 exf4 21. Qxf4 (21. Rg1 Qe7 22.
Qxf4 Qg5 {and Black holds on.}) 21... Nxh1 22. Nd5 Qa5 23. Nf6+ Ke7 24. Nd5+ {
and again the game ends with a perpetual check}) (16. Be2 e5 17. Nd5 Qd8 18.
Bxg4 Nxh1 19. Rxh1 exf4 20. Nxf4 Bf6 21. Rd1 Bd7 {and White has a compensation
for the exchange but not more than that.}) 16... fxe6 17. Be2 $1 {This
promises white the edge.} O-O $6 (17... g5 $2 {greed is a bad adviser in these
situations} 18. Bxg4 Nxh1 19. Qf3 gxf4 20. Nxe6 {and Black's position collapses
}) (17... Nxd1 {was the lesser evil, after} 18. Rxd1 h5 19. h3 g5 20. Nxe6 Bxe6
21. Bxd6 h4 (21... Bxd6 22. Rxd6 Qe7 23. hxg4 {with initiative}) 22. Bxc7 hxg3
23. hxg4 {White has the advantage in the endgame}) 18. Bxg4 Nxg4 19. Bxd6 (19.
Qxg4 $2 Rxf4 {and Black is fine}) (19. Rhf1 $1 {This natural move led to a big
advantage for White.} Rxf4 (19... e5 20. Nd5 exf4 21. Qb3 Qa5 22. Nxe7+ Kh7 23.
Nd5 $16 {White is much better}) 20. Rxf4 Bg5 21. Qxg4 e5 22. Nf5 Bxf4+ 23. Kb1
Bxf5 24. exf5 {with a great advantage for White, his knight is going to
control the whole board from d5 or e4.}) 19... Bxd6 20. Qxg4 Bxh2 $5 {An
interesting decision, Black believes in his defensive resources and opens the
h-file.} (20... Be5 21. Rd3 {White is a healthy pawn up.}) 21. Kb1 $1 (21. Nxe6
$2 {This move wins a pawn but loses the advantage.} Qe5 22. Rxh2 Bxe6 23. Qh4
Rac8 {Black is very well developed and White's extra pawn of no significance.})
21... Be5 $2 {Black probably thought that the capture on h6 leads to a draw,
but White calculates better.} (21... Bf4 {was better, though White is still
clearly better.}) 22. Rxh6 $1 {A beautiful sacrifice.} Bxd4 23. Qg6 $1 {
A nice move, White has a crushing attack.} (23. Rxd4 $2 e5 24. Qg6 exd4 25.
Qh7+ Kf7 26. Qg6+ Kg8 27. Qh7+ {is a draw}) 23... Qf4 (23... Qc4 {was a more
stubborn defense that required from white to find 24.e5!} 24. e5 $1 {
threatening both 25.Rh7 and 25.Qh5, Black is defenceless.} (24. Rdh1 $2 Rf1+
25. Nd1 Kf8 26. Rh8+ Ke7 27. Qe8+ Kd6 28. Qd8+ Bd7 (28... Kc5 29. Qxc8+ Rxc8
30. Rxc8+ Kb5 31. Rxc4 Rxh1 32. Rxd4 $18) 29. Qxa8 Bg1 $1 {and Black gets a
very strong counterplay.}) 24... Bxe5 25. Rh7 {and the mate is inevitable}) 24.
Rh3 (24. Rdh1 $4 {is answered by} Qxh6 $1) 24... Bxc3 25. bxc3 {There is
nothing Black can do against doubling on the h-file or Qh7 followed by Rf3.}
Bd7 (25... Qf6 26. Qh7+ Kf7 27. Rf3 $18) (25... Rf6 26. Rd8+ Rf8 27. Rxf8+ Kxf8
28. Rf3 $18) 26. Rdh1 Qf1+ 27. Rxf1 Rxf1+ 28. Kb2 {The rest is easy technique.}
Raf8 29. Rh7 R8f7 30. Qh5 Kf8 31. Rh8+ Ke7 32. Qc5+ Kf6 33. Rh5 $1 g6 (33...
Re7 34. Qc4 {The rook doesn't have a good spot.} Rd1 (34... Re1 35. e5+ Rxe5
36. Qd4) 35. e5+ Kf7 36. Rh8 Re8 37. Qf4+ Ke7 38. Qg5+ Kf7 39. Rh7 Rg8 40. Qh5+
Ke7 41. Qxd1 $18) 34. Qg5+ Kg7 35. Rh6 {A very nice game by white.} (35. Rh6 {
Black resigned in view of} R7f6 36. e5) 1-0

[Event "Moscow Aeroflot op-A"]
[Site "Moscow"]
[Date "2004.02.17"]
[Round "1"]
[White "Bluvshtein, Mark"]
[Black "Belov, Vladimir"]
[Result "1-0"]
[WhiteElo "2453"]
[BlackElo "2560"]
[Annotator "Gofshtein,L"]
[PlyCount "57"]
[EventDate "2004.02.17"]
[EventType "swiss"]
[EventRounds "9"]
[EventCountry "RUS"]
[SourceTitle "CBM 100"]
[Source "ChessBase"]
[SourceDate "2004.06.01"]
[SourceVersion "1"]
[SourceVersionDate "2004.06.01"]
[SourceQuality "1"]

1. e4 c5 2. Nf3 d6 3. d4 cxd4 4. Nxd4 Nf6 5. Nc3 a6 6. Bg5 e6 7. f4 Qb6 8. Nb3
{White chooses a calm continuation, and not sacrifices the pawn} Be7 {In case
of the exchange of queens after 8...Qe3+ white remains with a small edge} (8...
Qe3+ 9. Qe2 Qxe2+ 10. Bxe2 Nbd7 11. O-O-O {/\ 12.Na5 ... 13.Nc4} b6 12. f5 e5
13. Bc4 Bb7 14. Bd5 $16 {1-0 Keres,P-Van den Berg,C/Munich 1958/EXT 99 (35)})
9. Qf3 Nbd7 10. Bd3 h6 11. Bh4 {The main line. The other moves are much less
common} (11. Bxf6 Bxf6 12. O-O-O Bxc3 $17 {1-0 Zhuravliov,V-Gutman,L/Latvia
1967/EXT 99 (33)}) (11. Qh3 Qc7 12. O-O-O b5 13. a3 Bb7 14. Bh4 O-O-O 15. Qe3
Nc5 16. Nxc5 dxc5 17. e5 Ng4 18. Qh3 Bxh4 19. Qxg4 Bf2 20. Ne4 Bxe4 $132 {
1/2-1/2 Torre,E-Byrne,R/Reykjavik 1980/EXT 99 (20)}) 11... Nxe4 $5 12. Bxe7
Nxc3 13. bxc3 $5 $146 {[%mdl 512] A novelty. White sacrifices a pawn and
trying to take advantage of the insecure position of the black king} (13. Bxd6
Qxd6 14. bxc3 O-O 15. O-O Nf6 $132 {1-0 Damjanovic,M-Stohl,I/Opatija 1995/EXT
98 (27)}) 13... Kxe7 14. O-O-O Rd8 {Black could have forced white to a new
sacrifices after 14...Qc6 suggesting an exchange of queens. In this case, it
is not totally clear if white's initiative compensates the sacrificed material}
(14... Qc6 $5 15. Be4 (15. Qg3 Qxc3 16. f5 Ne5 17. Kb1 Kf8) 15... d5 16. Nd4 (
16. Bxd5 exd5 17. Rhe1+ Kf8 (17... Kf6 18. f5) 18. Rxd5 Qc7) 16... Qc5) 15. g4
{[%cal Rg4g5] White advances on the kingside. His plan is to open lines on the
black king} Qc7 16. c4 Nc5 {Black task is to finish his development, and it's
not easy. The variations show that white keeps the initiative in most cases} (
16... Rb8 17. Rhg1 Kf8 (17... b6 18. g5 Bb7 19. Qe3 hxg5 20. Rxg5 g6 21. Nd4
$44) 18. g5 hxg5 19. Qg3 $40) (16... Kf8 17. g5 hxg5 18. fxg5 Kg8 19. Rhf1 Ne5
20. Qe4 Nxd3+ 21. Rxd3 e5) 17. f5 Nxb3+ (17... Qc6 18. Qg3 Kf8 19. g5 Nxd3+ 20.
cxd3 e5 21. gxh6 gxh6 22. Rhf1 $44) (17... Nxd3+ 18. cxd3 d5 $13) 18. axb3 {
White's initiative is growing up. It's not easy for black to defend} Qc5 (18...
Qa5 19. Kb1 Kf8 20. f6 Qc3 21. fxg7+ Qxg7 22. h4 $44) (18... a5 19. f6+ gxf6
20. Rhf1 f5 21. gxf5 a4 22. fxe6) 19. Rde1 {White brings more pieces to play
and prepares a further opening of the position} a5 $6 (19... Re8 $5 20. Rhf1
Kd8 21. fxe6 Bxe6 22. Qxb7 (22. Be4 $5) 22... Ra7) 20. fxe6 {Black steps out
in a critical position. After 20...fe he could defend as the analysis shows} f6
$2 (20... fxe6 $5 21. Rhf1 Re8 22. Qf7+ Kd8 23. Qxg7 Qg5+ 24. Qxg5+ hxg5 $14)
21. g5 $5 {An interesting move, white sacrifices another pawn in order to open
lines. Although there was no necessarity in this move. 21.Qe4 won at once} (21.
Qe4 $1 a4 (21... Qg5+ 22. Kb1) 22. Qh7 Qg5+ 23. Kb1 $18) 21... Rf8 {All the
other moves lose at once} (21... hxg5 22. Qh5 $18) (21... Rg8 22. gxf6+ gxf6
23. Rhf1 Qd4 24. Kb1 a4 25. Qh5 Rg7 26. Qxh6 f5 27. Rxf5 axb3 28. Rf7+ Rxf7 29.
Qg5+ Qf6 30. exf7+ Kxf7 31. Bg6+ Qxg6 32. Re7+ Kf8 33. Qxg6 bxc2+ 34. Kxc2 Kxe7
35. Qg7+ Ke6 36. h4 $18) (21... Qxg5+ 22. Kb1 f5 23. Rhg1 Qf6 24. Qxf5 $18) 22.
gxh6 Qg5+ $2 {A decisive mistake. The result of the battle is still not clear
after 22...a4!} (22... a4 $5 23. hxg7 Rg8 24. Rhg1 axb3 25. cxb3 Ra2 26. Bc2
Qd4 27. Qe4 Qc3 28. Kd1 Ra1+ 29. Ke2 Rxe1+ 30. Rxe1 Rxg7) 23. Kb1 Qxh6 24. c5
$1 {Black is deprived from any counterplay as all white's pieces paticipate in
the attack} Rd8 (24... dxc5 25. Qg3 {[%cal Rg3c7]} f5 26. Qc7+ Kf6 27. Qd6 g6
28. e7+ $18) 25. Rhg1 {[%cal Rg1g7]} g5 {Forced, 26.Rg6 was threatening} 26. h4
$1 {Opening lines for the rooks} gxh4 27. Rg6 Qh8 28. Qg4 {[%cal Rg6g7]} dxc5
29. Rg7+ 1-0

[Event "Montreal 4th"]
[Site "Montreal"]
[Date "2003.08.03"]
[Round "11"]
[White "Bluvshtein, Mark"]
[Black "Vera Gonzalez Quevedo, Reynaldo"]
[Result "1/2-1/2"]
[WhiteElo "2447"]
[BlackElo "2509"]
[Annotator "Gofshtein,L"]
[PlyCount "76"]
[EventDate "2003.07.23"]
[EventType "tourn"]
[EventRounds "11"]
[EventCountry "CAN"]
[EventCategory "11"]
[SourceTitle "CBM 097"]
[Source "ChessBase"]
[SourceDate "2003.11.11"]
[SourceVersion "1"]
[SourceVersionDate "2003.11.11"]
[SourceQuality "1"]

1. e4 {[%mdl 260]} c5 2. Nf3 d6 3. d4 cxd4 4. Nxd4 Nf6 5. Nc3 a6 6. Bg5 e6 7.
f4 Qb6 8. Nb3 {White chooses a calm continuation, and not sacrifices the pawn}
Nbd7 {After the exchange of queens black doesn't solve his problems as well,
for example:} (8... Qe3+ 9. Qe2 Qxe2+ 10. Bxe2 Nbd7 11. O-O-O {/\ 12.Na5 ...
13.Nc4} b6 12. f5 e5 13. Bc4 Bb7 14. Bd5 $16 {1-0 Keres,P-Van den Berg,C/
Munich 1958/EXT 99 (35)}) 9. Qf3 Be7 10. Bd3 Qc7 11. a4 {A typical move, not
letting b7-b5. Other moves are also possible, for example:} (11. O-O b5 12. f5
Ne5 13. Qh3 b4 14. Ne2 exf5 15. exf5 Nxd3 16. cxd3 O-O 17. Rac1 Qb6+ 18. Be3
Qb5 $132 {0-1 Tosic,M-Spassov,L/Vrnjacka Banja 1984/MCD (27)}) 11... b6 (11...
h6 $5 {This line deserves serious attention. By means of g7-g5 black
successfully fights for the e5 square} 12. Qh3 (12. Bh4 g5 13. fxg5 Ne5 14. Qg3
(14. Qe3 hxg5 15. Bg3 (15. Bxg5 Nfg4 16. Qd2 Nxh2 $132) 15... Nfg4 $132) 14...
Nh5 15. Qe3 Ng6 16. Bf2 Nhf4 17. O-O hxg5 $132 {0-1 Sigurjonsson,G-Gilden,L/
Harrachov 1967/MCD (40)}) 12... Rg8 (12... Nc5 13. a5 Bd7 14. f5 O-O-O 15. Be3
d5 16. exd5 exd5 17. O-O Rhe8 $13 {1/2-1/2 Joecks,C-Magerramov,E/Budapest 1989/
TD (59)}) 13. Bh4 g5 14. fxg5 hxg5 15. Bf2 g4 16. Qe3 Ne5 {0-1 Kuprejanov,
G-Matanovic,A/Vrnjacka Banja 1962/EXT 2000 (39)}) 12. O-O Bb7 13. Qh3 {Moving
the queen from h1-a8 diagonal and preparing f4-f5} (13. Rae1 h6 14. Bh4 Rg8 15.
Bg3 g5 16. Qe2 gxf4 $132 {1-0 Howell,J-Parr,D/Isle of Man 1993/EXT 98 (29)})
13... h6 $5 14. f5 {White carries out one of the main ideas in this variation,
the advance f5. He tries to weaken black's position. In case of 14.Rae1 black
gets a comfortable position as the following game shows} (14. Rae1 O-O-O 15.
Bxf6 Bxf6 16. a5 Bxc3 17. bxc3 b5 $132 {1/2-1/2 Unzicker,W-Huebner,R/Bad
Aibling 1965/EXT 2000 (37)}) 14... e5 {White has some advantage in case of the
exchange on f5} (14... exf5 15. exf5 Ne5 16. Bxf6 Bxf6 17. Be4 O-O 18. Rad1 $14
) 15. Be3 {Of course, it's not profitable to exchange the black squared bishop,
that's why white retreats} Rc8 {It is risky for black to castle, short or long,
that's why he decides to leave the king in the center} 16. Qg3 h5 $5 {One of
the typical moves in this pawn configuration. Black tries to widen the radious
of activity of his rook and defends the g7 pawn} 17. Rad1 (17. Qxg7 $4 Rg8 18.
Qh6 Bf8 $19) 17... Qb8 $5 {[%cal Rb8a8,Yc8c3] Anothe typical maneuvre. Black
transfers the queen to the h1-a8 diagonal and his rook gets the c-file open}
18. Bg5 {The bishop goes back to g5 and pressures black's position} Qa8 19. Qh4
Bd8 {Transfers the bishop to a better position. The exchange sacrifice was
also possible. In that case black got a counterplay} (19... Rxc3 20. bxc3 Bxe4
$132) 20. Nd2 Bc6 {Continuing to prepare b6-b5} 21. Nc4 {[%cal Yc4d6,Yc4e3]
White activizes his knight, by transfering it to e3} Qb8 22. Be2 {[%cal Rc4d6,
Rd1d6] Opening the d-file for the rook} Bc7 23. Ne3 {[%csl Rd5]} b5 $5 {
Black is trying to get some counterplay} 24. axb5 axb5 25. Ned5 Bd8 26. Qg3 $6
{White plays slow and losing the advantage. The immideate 26.Bf6 was correct} (
26. Bxf6 $5 Nxf6 27. Nxf6+ Bxf6 28. Qf2 $16 {[%cal Yc3d5,Yd1d5]} Bd7 29. Bf3)
26... Bxd5 27. Bxf6 h4 {An important intermediate move. The queen has to
retreat from its active position} (27... Nxf6 28. Nxd5) 28. Qf3 Nxf6 29. Nxd5
Rxc2 {After a successful defence black has succeeded in neutralising white's
pressure and even wins a pawn} 30. Qd3 (30. b3 $5) 30... Rxb2 31. Rb1 {By
exchanging the rooks white wins back one of the sacrificed pawns} Rxb1 32. Rxb1
Nxd5 33. Qxd5 O-O {Only now that black succeded to castle} 34. Bxb5 Bb6+ 35.
Kh1 Bc5 36. Qd3 Qd8 37. Bc4 Qg5 38. Qb3 Qf6 {Although black is a pawn up, it
is very difficult for him to start any active play as all white pieces are
placed very active. Besides, the pawn on f7 always needs to be protected.
That's why a draw was agreed.} 1/2-1/2